Most populous cities in Lebanon - Statistics

General Stats
  • This quiz has been taken 28 times
  • The average score is 4 of 5
Answer Stats
Population City % Correct
1,916,100 Beirut
100%
229,398 Tripoli
88%
135,204 Tyre
83%
163,554 Sidon
79%
122,806 Baalbek
67%
No matching quizzes found
Score Distribution
Percent of People with Each Score
Percentile by Number Answered
Your Score History
You have not taken this quiz